Managerial economics : (Record no. 522)
[ view plain ]
| 000 -LEADER | |
|---|---|
| fixed length control field | 01181cam a2200325 a 4500 |
| 001 - CONTROL NUMBER | |
| control field | 13101832 |
| 003 - CONTROL NUMBER IDENTIFIER | |
| control field | OSt |
| 005 - DATE AND TIME OF LATEST TRANSACTION | |
| control field | 20221025165000.0 |
| 008 - FIXED-LENGTH DATA ELEMENTS--GENERAL INFORMATION | |
| fixed length control field | 030224s2003 ne a b 001 0 eng |
| 010 ## - LIBRARY OF CONGRESS CONTROL NUMBER | |
| LC control number | 2003102999 |
| 015 ## - NATIONAL BIBLIOGRAPHY NUMBER | |
| National bibliography number | GBA3-X1122 |
| 020 ## - INTERNATIONAL STANDARD BOOK NUMBER | |
| International Standard Book Number | 0127408525 |
| 035 ## - SYSTEM CONTROL NUMBER | |
| System control number | (OCoLC)ocm52325944 |
| 040 ## - CATALOGING SOURCE | |
| Original cataloging agency | UKM |
| Transcribing agency | UKM |
| Modifying agency | Chuka University Library |
| 042 ## - AUTHENTICATION CODE | |
| Authentication code | lccopycat |
| 050 00 - LIBRARY OF CONGRESS CALL NUMBER | |
| Classification number | HD 30.22 |
| Item number | .W43 2003 |
| 100 1# - MAIN ENTRY--PERSONAL NAME | |
| Personal name | Webster, Thomas J. |
| 9 (RLIN) | 612 |
| 245 10 - TITLE STATEMENT | |
| Title | Managerial economics : |
| Remainder of title | theory and practice / |
| Statement of responsibility, etc. | Thomas J. Webster. |
| 260 ## - PUBLICATION, DISTRIBUTION, ETC. | |
| Place of publication, distribution, etc. | Amsterdam ; |
| Name of publisher, distributor, etc. | Academic Press, |
| Date of publication, distribution, etc. | 2003. |
| 300 ## - PHYSICAL DESCRIPTION | |
| Extent | xiv, 739 pages : |
| Other physical details | illustrations ; |
| Dimensions | 24 cm. |
| 504 ## - BIBLIOGRAPHY, ETC. NOTE | |
| Bibliography, etc. note | Includes bibliographical references and index. |
| 650 #0 - SUBJECT ADDED ENTRY--TOPICAL TERM | |
| Topical term or geographic name entry element | Managerial economics. |
| 9 (RLIN) | 1444 |
| 650 #0 - SUBJECT ADDED ENTRY--TOPICAL TERM | |
| Topical term or geographic name entry element | Economics, Mathematical. |
| 9 (RLIN) | 1454 |
| 856 41 - ELECTRONIC LOCATION AND ACCESS | |
| Materials specified | Table of contents |
| Uniform Resource Identifier | <a href="http://www.loc.gov/catdir/toc/els051/2003102999.html">http://www.loc.gov/catdir/toc/els051/2003102999.html</a> |
| 856 42 - ELECTRONIC LOCATION AND ACCESS | |
| Materials specified | Publisher description |
| Uniform Resource Identifier | <a href="http://www.loc.gov/catdir/description/els051/2003102999.html">http://www.loc.gov/catdir/description/els051/2003102999.html</a> |
| 906 ## - LOCAL DATA ELEMENT F, LDF (RLIN) | |
| a | 7 |
| b | cbc |
| c | copycat |
| d | 2 |
| e | ncip |
| f | 20 |
| g | y-gencatlg |
| 942 ## - ADDED ENTRY ELEMENTS (KOHA) | |
| Source of classification or shelving scheme | Library of Congress Classification |
| Koha item type | Long Loan Books |
| Withdrawn status | Lost status | Source of classification or shelving scheme | Damaged status | Not for loan | Collection | Home library | Current library | Shelving location | Date acquired | Total Checkouts | Full call number | Barcode | Date last seen | Copy number | Price effective from | Koha item type |
|---|---|---|---|---|---|---|---|---|---|---|---|---|---|---|---|---|
| Library of Congress Classification | General Collection Books | Main Campus Library | Main Campus Library | General Stacks | 21/10/2022 | HD 30.22 .W43 2003 | 3842/2009 | 21/10/2022 | 1 | 21/10/2022 | Long Loan Books |
